000 00775nam a2200253Ia 4500
003 OSt
005 20220918164723.0
006 a|||||r|||| 00| 0
007 ta
008 220917b |||||||| |||| 00| 0 eng d
020 _a07156324267 (hbk)
_c1195
024 _a241,026
037 _b062, 22/10/2009, Anshika Book International
_cTextual
040 _aARTS
_cARTS
_beng
041 _2eng
_aeng
082 _aY:1, P5
100 _aConquest Robert
_920270
245 0 _aDragons of expectation
_b Reality and delusion in the course of history
260 _aLondon
_bDuck UK
_c2005
300 _a256p.
_ccm.
650 _aSOCIOLOGY
942 _hY:1, P5
_cTEXL
_2CC
999 _c126158
_d126158